<?xml version="1.0" encoding="UTF-8"?>
<record
    xmlns:xsi="http://www.w3.org/2001/XMLSchema-instance"
    xsi:schemaLocation="http://www.loc.gov/MARC21/slim http://www.loc.gov/standards/marcxml/schema/MARC21slim.xsd"
    xmlns="http://www.loc.gov/MARC21/slim">

  <leader>01637nam a2200229 a 4500</leader>
  <controlfield tag="001">000016259</controlfield>
  <controlfield tag="005">20200929164336.0</controlfield>
  <controlfield tag="008">100302s2008    ve abc        000 0 spa d</controlfield>
  <datafield tag="020" ind1=" " ind2=" ">
    <subfield code="a">9789803192471</subfield>
  </datafield>
  <datafield tag="040" ind1=" " ind2=" ">
    <subfield code="a">DO-SdBNP</subfield>
    <subfield code="b">spa</subfield>
    <subfield code="c">BNPHU</subfield>
  </datafield>
  <datafield tag="082" ind1=" " ind2=" ">
    <subfield code="a">027.587</subfield>
    <subfield code="b">H658h</subfield>
  </datafield>
  <datafield tag="100" ind1="1" ind2=" ">
    <subfield code="a">Himiob, Santos,</subfield>
    <subfield code="d">1960-</subfield>
    <subfield code="9">36321</subfield>
  </datafield>
  <datafield tag="245" ind1="1" ind2="0">
    <subfield code="a">Historia de la Biblioteca Nacional de Venezuela /</subfield>
    <subfield code="c">Santos Himiob ; pr&#xF3;logo Fernando B&#xE1;ez.</subfield>
  </datafield>
  <datafield tag="260" ind1=" " ind2=" ">
    <subfield code="a">Caracas, Venezuela :</subfield>
    <subfield code="b">Instituto Aut&#xF3;nomo Biblioteca Nacional y de Servicios de Bibliotecas,</subfield>
    <subfield code="c">2008.</subfield>
  </datafield>
  <datafield tag="300" ind1=" " ind2=" ">
    <subfield code="a">196 p. :</subfield>
    <subfield code="b">il., maps., retrs. ;</subfield>
    <subfield code="c">28 cm.</subfield>
  </datafield>
  <datafield tag="504" ind1=" " ind2=" ">
    <subfield code="a">Incluye referencias bibliogr&#xE1;ficas y notas al pie de las p&#xE1;ginas.</subfield>
  </datafield>
  <datafield tag="504" ind1=" " ind2=" ">
    <subfield code="a">Incluye bibliograf&#xED;as (p. 152-158)</subfield>
  </datafield>
  <datafield tag="505" ind1="2" ind2=" ">
    <subfield code="a">Pr&#xF3;logo / Fernando Ba&#xE9;z -- Introducci&#xF3;n -- La colonizaci&#xF3;n : Inicios de la dominaci&#xF3;n cultural -- Etapas siglos XV-XVIII (1498-1799) -- Proceso de emancipaci&#xF3;n venezolana -- Etapa 1800-1830: Propuesta de una biblioteca p&#xFA;blica para Caracas -- La biblioteca nacional: Desde su establecimiento hasta la creaci&#xF3;n de un instituto aut&#xF3;nomo -- Etapa 1830-1899: Creaci&#xF3;n, formaci&#xF3;n y concreci&#xF3;n -- Etapa 1900-1974: Modernizaci&#xF3;n y nuevos espacios -- Etapa 1974-1999: Instituto aut&#xF3;nomo vs. crisis econ&#xF3;micas -- Etapa 2001-2008: Camino hacia el socialismo del siglo XXI -- A manera de reflexi&#xF3;n -- Colecciones y servicios de la biblioteca nacional -- Biblioteca nacional en cifras: Programa de servicios de atenci&#xF3;n al p&#xFA;blico -- Bibliograf&#xED;a-- Ap&#xE9;ndice.</subfield>
  </datafield>
  <datafield tag="650" ind1=" " ind2="4">
    <subfield code="a">Bibliotecas nacionales</subfield>
    <subfield code="z">Venezuela</subfield>
    <subfield code="x">Historia</subfield>
    <subfield code="9">36322</subfield>
  </datafield>
  <datafield tag="700" ind1="1" ind2=" ">
    <subfield code="a">B&#xE1;ez, Fernando,</subfield>
    <subfield code="e">pr&#xF3;l.</subfield>
    <subfield code="9">36307</subfield>
  </datafield>
  <datafield tag="049" ind1=" " ind2=" ">
    <subfield code="a">BNPD</subfield>
  </datafield>
  <datafield tag="952" ind1=" " ind2=" ">
    <subfield code="0">0</subfield>
    <subfield code="1">0</subfield>
    <subfield code="5">0</subfield>
    <subfield code="7">1</subfield>
    <subfield code="8">MO</subfield>
    <subfield code="a">GR</subfield>
    <subfield code="b">GR</subfield>
    <subfield code="c">CT</subfield>
    <subfield code="d">2010-03-02</subfield>
    <subfield code="i">LF1</subfield>
    <subfield code="l">0</subfield>
    <subfield code="o">027.587 H658h</subfield>
    <subfield code="p">16259-10</subfield>
    <subfield code="r">2020-06-25</subfield>
    <subfield code="w">2020-06-25</subfield>
    <subfield code="y">1</subfield>
    <subfield code="Z">No se presta</subfield>
  </datafield>
  <datafield tag="952" ind1=" " ind2=" ">
    <subfield code="0">0</subfield>
    <subfield code="1">0</subfield>
    <subfield code="5">0</subfield>
    <subfield code="7">1</subfield>
    <subfield code="8">MO</subfield>
    <subfield code="a">GR</subfield>
    <subfield code="b">GR</subfield>
    <subfield code="c">CT</subfield>
    <subfield code="d">2010-03-02</subfield>
    <subfield code="i">LF1</subfield>
    <subfield code="l">0</subfield>
    <subfield code="o">027.587 H658h</subfield>
    <subfield code="p">16259-20</subfield>
    <subfield code="r">2020-06-25</subfield>
    <subfield code="t">e. 2</subfield>
    <subfield code="w">2020-06-25</subfield>
    <subfield code="y">1</subfield>
    <subfield code="Z">No se presta</subfield>
  </datafield>
  <datafield tag="999" ind1=" " ind2=" ">
    <subfield code="c">15796</subfield>
    <subfield code="d">15796</subfield>
  </datafield>
</record>
